Zgadnij 23 dowolne pierwiastki chemiczne - Statystyki

Ogólne statystyki
  • Ten quiz został rozwiązany 267 razy
    257 od ostatniego zresetowania
  • Średni wynik to 19 z 23
Statystyki odpowiedzi
Skrót Odpowiedź % Poprawnych
Mg Magnez
95%
S Siarka
95%
K Potas
91%
O Tlen
91%
Cl Chlor
88%
Pb Ołów
86%
Ca Wapń
86%
Br Brom
85%
Ba Bar
84%
Zn Cynk
84%
Al Glin
84%
Au Złoto
84%
Si Krzem
82%
Cu Miedź
82%
I Jod
81%
N Azot
79%
P Fosfor
79%
Fe Żelazo
78%
Na Sód
73%
Ag Srebro
73%
C Węgiel
73%
H Wodór
73%
Sn Cyna
71%
Nie znaleziono quizów pasujących do podanych kryteriów
Rozkład punktacji
Procent ludzi z każdym wynikiem
Percentyl według liczby udzielonych odpowiedzi
Twoja historia wyników
Nie rozwiązałeś tego quizu od ostatniego zresetowania